| 000 | 00652nam a2200169 i 4500 | ||
|---|---|---|---|
| 001 | 75222 | ||
| 003 | ES-MaACL | ||
| 005 | 20250826083215.0 | ||
| 007 | t| | ||
| 008 | 040923s1910 sp ||||1| spa d | ||
| 100 | 1 |
_aGraell, Guillermo ( _d1846-1927) _959497 |
|
| 245 | 1 | 0 |
_aConferencia sobre los proyectos del Excmo. Sr. Ministro de Hacienda _b: dada en el Gran Salón del Fomento del Trabajo Nacional, el día 5 de noviembre de 1910 / _cGuillermo Graell. |
| 260 |
_aBarcelona : _b[s.n., _c1910] ( _fImp. Bayer Hermanos y Comp.) |
||
| 710 | 2 |
_aFomento del Trabajo Nacional (Cataluña) _94136 |
|
| 852 |
_aES-MaACL _jT-1257-F-6 |
||
| 999 |
_c75222 _d75222 |
||